Drapeaux des îles - Statistiques

Statistiques générales
  • Ce quiz a été pris 201 fois
  • Le résultat moyen est 32 sur 40
Statistiques - réponses
Par images Réponse % Correct
Malte
99%
Chypre
98%
Irlande
98%
Madagascar
96%
Comores
95%
Maldives
95%
Singapour
95%
République Dominicaine
93%
Haiti
92%
Bahrein
91%
Palaos
91%
Cap Vert
90%
Australie
88%
Grenade
88%
Islande
88%
Koweit
88%
Nouvelle Zélande
88%
Barbade
82%
Maurice
81%
Papouasie Nouvelle Guinée
81%
Tonga
81%
Sainte Lucie
80%
Dominique
78%
Brunei
76%
Micronésie
76%
Fidji
74%
Sao Tomé et Principe
72%
Bahamas
71%
Kiribati
71%
Tuvalu
70%
Trinité et Tobago
67%
Nauru
66%
Antigua et Barbuda
65%
Salomon
64%
Timor oriental
64%
Marshall
60%
Samoa
59%
Saint Christophe et Nieves
56%
Vanuatu
56%
Saint Vincent les Grenadines
32%
Aucun quiz correspondant
Distribution des résultats
% des personnes avec chaque résultat
Percentile par nombre de réponses
Votre historique - résultats
Vous n’avez pas pris ce quiz